00289nam a2200121Ia 4500008004100000041000900041082001700050100001900067245002800086260003700114300000800151650000800159230718s9999 xx 000 0 und d aEng. a34202bAFG-T aAfghani, Masud 4aThe constitution of USA aPakistanbLahore law timesc2002 a116 aLaw